000 01172nam a2200313 ia4500
999 _c136133
_d136133
001 C2-0338844
003 PPAK
005 20191007161539.0
008 161128t20162016enkao j 1 eng d
020 _a9781474702355
_qhardback
_cRM75.40
040 _aPPAK
_beng
_cPPAK
_dPPAK
_erda
082 0 4 _a591.507
_223
090 0 0 _a591.507
_bJAC
_dRK
100 1 _aJackson, Tom,
_d1972-
_eauthor.
245 1 0 _aTRACKING ANIMAL BEHAVIOUR /
_cTom Jackson
264 1 _aLondon :
_bRaintree ,
_c[2016]
264 4 _c©2016
300 _a32 pages :
_bcolour illustrations, colour photographs ;
_c26 cm
336 _2rdacontent
_atext
337 _2rdamedia
_aunmediated
338 _2rdacarrier
_avolume
490 1 _aAnimals Trackers
500 _aIncludes index.
504 _6Bibliography: page 31.
521 _aIt is often difficult to observe the behaviour of wild animals. They may only be active at night, or they may live in the tops of trees. This book shows how technologies make it easier for scientists to study animal behaviours.
650 1 0 _aAnimal behavior
_xResearch
_xMethodology
_vJuvenile literature
830 0 _aAnimals trackers
942 _cB
_2ddc